Danganronpa Personnages par Images - Statistiques

Statistiques générales
  • Ce quiz a été pris 200 fois
    71 depuis la dernière actualisation
  • Le résultat moyen est 48 sur 144
Statistiques - réponses
Par images Réponse % Correct
Monokuma
100%
Kyôko Kirigiri
96%
Makoto Naegi
96%
Sakura Ôgami
96%
Byakuya Togami
92%
Junko Enoshima
92%
Leon Kuwata
92%
Aoi Asahina
90%
Celestia Ludenberg / Taeko Yasuhiro
90%
Nagito Komaeda
86%
Tôko Fukawa
86%
Yasuhiro Hagakure
86%
Chiaki Nanami
82%
Hajime Hinata
82%
Mondo Ôwada
82%
Chihiro Fujisaki
80%
Ibuki Mioda
80%
Sayaka Maizono
80%
Sonia Nevermind
80%
Alter Ego
78%
Hifumi Yamada
78%
Mikan Tsumiki
78%
Gundham Tanaka
76%
Peko Pekoyama
75%
Kiyotaka Ishimaru
73%
Teruteru Hanamura
71%
Fuyuhiko Kuzuryû
69%
Kazuichi Sôda
69%
Mukuro Ikusaba
69%
Nekomaru Nidai
67%
Kaede Akamatsu
65%
Mahiru Koizumi
65%
Maki Harukawa
65%
Monomi / Usami
65%
Akane Owari
63%
Angie Yonaga
63%
K1-B0
63%
Kokichi Ôma
63%
Gonta Gokuhara
61%
Miu Iruma
61%
Ultime Imposteur / Byakuya Twogami
61%
Hiyoko Saionji
57%
Kaito Momota
57%
Rantarô Amami
57%
Shûichi Saihara
57%
Himiko Yumeno
55%
Izuru Kamukura
55%
Tenko Chabashira
55%
Monodam
53%
Shô la Genocidaire
49%
Tsumugi Shirogane
49%
Kirumi Tôjô
47%
Monaca Tôwa
47%
Komaru Naegi
43%
Korekiyo Shingûji
43%
Ryôma Hoshi
43%
Shirokuma
43%
Monokid
41%
Monophanie
41%
Monosuke
41%
Monotarô
41%
Kurokuma
39%
Nagisa Shingetsu
39%
Ryôta Mitarai
33%
Kotoko Utsugi
27%
Masaru Daimon
27%
Haiji Tôwa
25%
Jatarô Kemuri
25%
Chisa Yukizome
24%
Daiya Ôwada
24%
Yûta Asahina
22%
Hiroko Hagakure
18%
Jûzô Sakakura
18%
Kazuo Tengan
18%
Motherkuma
18%
Ruruka Andô
18%
Seiko Kimura
18%
Jin Kirigiri
16%
Jum-P
16%
Cham-P
14%
Satô
14%
Sônosuke Izayoi
14%
Sun-D
14%
Great Gozu
12%
Kyôsuke Munakata
12%
Nanokuma
10%
Taichi Fujisaki
10%
Kanon Nakajima
8%
Maga-G
8%
Miaya Gekkogahara
8%
Natsumi Kuzuryû
8%
Ayaka Haneyama
6%
Grand Bois Chéri Ludenberg
6%
Isshiki Madarai
6%
Kenichirô / Kenshirô
6%
Nisshiki Madarai
6%
Ryôko Otonashi
6%
Aiko Umesawa
4%
Comité d'Organisation
4%
Daisaku Bandai
4%
Kameko
4%
Kôichi Kizakura
4%
Misshiki Madarai
4%
Santa Shikiba
4%
Shisshiki Madarai
4%
Sôshun Murasame
4%
Takaaki Ishimaru
4%
Takemichi Yukimaru
4%
Ultime Lanceur de Disque
4%
Ultime Manucure
4%
Yasuke Matsuda
4%
Yosshiki Madarai
4%
Yûto Kamishiro
4%
Aloysius Pennyworth
2%
Asukasei Hino
2%
Daiki Kubo
2%
Fuhito Kirigiri
2%
Fujiko Yamada
2%
Karen Kisaragi
2%
Kotomi Ikuta
2%
Ryôta Someya
2%
Sasshiki Madarai
2%
Shôji Yokô
2%
Sôsuke Ichino
2%
Suzuko Kashiki
2%
Tarô Kurosaki
2%
Tokuichi Tôwa
2%
Tomohiko Gôryoku
2%
Tsubasa Kamii
2%
Ultime Archère
2%
Ultime Artiste de Rue
2%
Ultime Clown
2%
Ultime Combattant de Rue
2%
Ultime Escrimeur
2%
Ultime Fauconnier
2%
Ultime Joueur de Shôgi
2%
Ultime Joueuse de Yoyo
2%
Ultime Lancier
2%
Ultime Maître de Judo
2%
Ultime Roboticien
2%
Ultime Tireuse d'Élite
2%
Yasshiki Madarai
2%
Kiriko Nishizawa
0%
Rosshiki Madarai
0%
Aucun quiz correspondant
Distribution des résultats
% des personnes avec chaque résultat
Percentile par nombre de réponses
Votre historique - résultats
Vous n’avez pas pris ce quiz depuis la dernière actualisation